00570nam a2200193Ia 4500003000400000005001700004008004100021041000800062082001300070100002200083245001900105260002500124300002000149500001500169500002300184942001200207999001900219952013800238OSt20260105151216.0251219s9999 xx 000 0 und d aeng a823bDUR aDurrell G9215962 aStationary Ark bWestland/Indiac2006 a191bPaper Back aLiterature aEnglish Literature 2ddccDB c369492d369492 00102ddc4070aHIMRbHIMRd2025-12-11g200.00l0o823 DUR DB3238pHIMR-DB-3238r2025-12-23 13:15:00v200.00w2025-12-23yDBzDB3238